|
|
|
|
| LEADER |
00000cam a2200000 7i4500 |
| 001 |
0000039767 |
| 005 |
20140106.0 |
| 090 |
0 |
0 |
|a CD
|b 0131
|
| 245 |
0 |
0 |
|a Bintang asli :
|b remaja kebangsaan 2006[cd]
|
| 260 |
|
|
|a Kuala Lumpur ,
|c 2011
|
| 300 |
|
|
|a CD
|
| 650 |
|
0 |
|a Jabatan Kebudayaan & Kesenian Negara
|
| 650 |
|
0 |
|a Kementerian Penerangan Malaysia
|x Rtm
|
| 999 |
|
|
|a 0001261090
|b CD-ROM
|c Audiovisual
|e Cawangan Muar
|
| 999 |
|
|
|a 0001261098
|b CD-ROM
|c REFERENCE
|e Cawangan Segamat
|
| 999 |
|
|
|a 0001261099
|b CD-ROM
|c Adult Collection
|e Cawangan Bandar Tenggara
|
| 999 |
|
|
|a CD01261091
|b CD-ROM
|c Adult Collection
|e Cawangan Taman Sri Lambak
|
| 999 |
|
|
|a CD01261095
|b CD-ROM
|c Audiovisual
|e Cawangan Tmn. Ungku Tun Aminah
|
| 999 |
|
|
|a CD01261932
|b CD-ROM
|c REFERENCE
|e Perbadanan Perpustakaan Awam Johor
|